El circuito magnético
Tallennettuna:
| Päätekijä: | |
|---|---|
| Yhteisötekijä: | |
| Aineistotyyppi: | Kirja |
| Kieli: | espanja |
| Julkaistu: |
Barcelona
Marcombo; Berlín - Siemens Aktiengesellschaft
1988
|
| Sarja: | EP, 20
|
| Aiheet: | |
| Tagit: |
Lisää tagi
Ei tageja, Lisää ensimmäinen tagi!
|
MARC
| LEADER | 00000nam a2200000 a 4500 | ||
|---|---|---|---|
| 001 | UCV6210 | ||
| 003 | CL-VaPUC | ||
| 008 | 900410e19880000SP |||||||||||||||||spa|d | ||
| 082 | 0 | 4 | |a 621.319 |b RIE |2 21 |
| 100 | 0 | |a Rieger, Heinz |e author |9 300442 | |
| 110 | 2 | |a Siemens Aktiengesellschaft |e author |9 300443 | |
| 245 | 1 | 3 | |a El circuito magnético |
| 300 | |a 69 p | ||
| 942 | |c BK | ||
| 945 | |d 19900410 00:00:00 | ||
| 260 | |a Barcelona |b Marcombo; Berlín - Siemens Aktiengesellschaft |c 1988 | ||
| 650 | 7 | |a CIRCUITOS MAGNETICOS |2 CL-VaPUC |9 263216 | |
| 650 | 7 | |a ENSEÑANZA PROGRAMADA |2 CL-VaPUC |9 263217 | |
| 583 | |a last modification |c 20181023 10:07:06 |k Rodrigo Vera | ||
| 490 | 0 | |a EP, 20 | |
| 999 | |c 212400 |d 212398 | ||
| 952 | |0 0 |1 0 |4 0 |6 621_319000000000000_RIE_1988 |7 0 |8 A |9 193333 |a BIBING |b BIBING |d 2019-11-14 |i 2610841 |o 621.319 RIE 1988 |p 2610841 |r 2025-01-20 |w 2019-11-14 |y BK |k EIE | ||
| 952 | |0 0 |1 0 |4 0 |6 621_319000000000000_RIE_1988 |7 0 |8 A |9 193334 |a BIBING |b BIBING |d 2019-11-14 |i 2610876 |o 621.319 RIE 1988 |p 2610876 |r 2025-01-20 |w 2019-11-14 |y BK |k EIE | ||
| 952 | |0 0 |1 0 |4 0 |6 621_319000000000000_RIE_1988 |7 0 |8 A |9 193335 |a BIBING |b BIBING |d 2019-11-14 |i 2610884 |o 621.319 RIE 1988 |p 2610884 |r 2025-01-20 |w 2019-11-14 |y BK |k EIE | ||